[Event "GER-chT U20"]
[Site "Osnabrueck"]
[Date "2012.12.28"]
[Round "4.1"]
[White "Meier, Lars"]
[Black "Colpe, Malte"]
[Result "1/2-1/2"]
[WhiteElo "2045"]
[BlackElo "2331"]
[PlyCount "39"]
[EventDate "2012.12.27"]
[EventType "team-swiss"]
[EventRounds "7"]
[EventCountry "GER"]
[SourceTitle "EXT 2014"]
[Source "ChessBase"]
[SourceDate "2013.11.20"]
[SourceVersion "1"]
[SourceVersionDate "2013.11.20"]
[SourceQuality "1"]
[WhiteTeam "Frankfurt 1860"]
[BlackTeam "Hamburger SK"]
[WhiteTeamCountry "GER"]
[BlackTeamCountry "GER"]

1. e4 c5 2. c3 Nf6 3. e5 Nd5 4. d4 cxd4 5. cxd4 d6 6. Nf3 e6 7. Nc3 Nc6 8. Nxd5 exd5 9. exd6 Bxd6 10. Be2 0-0 11. 0-0 Bf5 12. a3 Qc7 13. Be3 Rae8 14. Rc1 Be4 15. Ne5 f6 16. Nxc6 Bxh2+ 17. Kh1 bxc6 18. Bb5 Rb8 19. Bxc6 Qd6 20. Qh5 1/2-1/2

[Event "GER-chT U20"]
[Site "Osnabrueck"]
[Date "2010.12.28"]
[Round "3.1"]
[White "Meier, Lars"]
[Black "Borgmeyer, Max"]
[Result "0-1"]
[WhiteElo "2074"]
[BlackElo "2120"]
[PlyCount "116"]
[EventDate "2010.12.27"]
[EventType "team-swiss"]
[EventRounds "7"]
[EventCountry "GER"]
[SourceTitle "CBM 140 Extra"]
[Source "ChessBase"]
[SourceDate "2011.03.01"]
[SourceVersion "1"]
[SourceVersionDate "2011.03.01"]
[SourceQuality "1"]
[WhiteTeam "Gruendau"]
[BlackTeam "Koenigsspringer"]
[WhiteTeamCountry "GER"]
[BlackTeamCountry "GER"]

1. e4 c5 2. c3 Nf6 3. e5 Nd5 4. d4 cxd4 5. Nf3 Nc6 6. cxd4 d6 7. Bc4 dxe5 8. dxe5 Ndb4 9. Qxd8+ Nxd8 10. Na3 a6 11. 0-0 e6 12. Nd4 Ndc6 13. Nxc6 Nxc6 14. Bf4 Bc5 15. Nc2 b5 16. Be2 Bb7 17. Bf3 Nd8 18. Bxb7 Nxb7 19. b4 Bb6 20. a4 Ke7 21. axb5 axb5 22. Na3 Ra4 23. Nxb5 Rxb4 24. Nd6 Nxd6 25. exd6+ Kd7 26. Rfb1 Rxb1+ 27. Rxb1 Rb8 28. Kf1 f6 29. Ke2 e5 30. Be3 Ba7 31. Ra1 Bxe3 32. Kxe3 Rb7 33. Ra6 Ke6 34. f4 Rd7 35. fxe5 fxe5 36. h3 Rxd6 37. Ra7 Kf6 38. Ra2 Rb6 39. Rf2+ Ke6 40. Ra2 h5 41. Ke4 Rb4+ 42. Ke3 Kf5 43. Rf2+ Rf4 44. Ra2 Re4+ 45. Kf3 Rb4 46. Ra3 g5 47. Ra8 e4+ 48. Kf2 Rb2+ 49. Ke3 Rb3+ 50. Kf2 e3+ 51. Kf1 Kf4 52. Rh8 Rb1+ 53. Ke2 Rb2+ 54. Kf1 Rf2+ 55. Kg1 Kg3 56. Rxh5 Rxg2+ 57. Kh1 g4 58. hxg4 Rd2 0-1

[Event "Politiken Cup 32nd"]
[Site "Copenhagen"]
[Date "2010.08.04"]
[Round "6"]
[White "Meier, Lars"]
[Black "Porte, Henrik"]
[Result "0-1"]
[WhiteElo "1934"]
[BlackElo "2130"]
[PlyCount "82"]
[EventDate "2010.07.31"]
[EventType "swiss"]
[EventRounds "10"]
[EventCountry "DEN"]
[SourceTitle "CBM 137 Extra"]
[Source "ChessBase"]
[SourceDate "2010.09.01"]
[SourceVersion "1"]
[SourceVersionDate "2010.09.01"]
[SourceQuality "1"]

1. e4 c6 2. d4 d5 3. exd5 cxd5 4. Bd3 Nc6 5. c3 Nf6 6. Bf4 e6 7. Nf3 Bd6 8. Bxd6 Qxd6 9. 0-0 0-0 10. Qe2 Rb8 11. Ne5 Bd7 12. Nd2 Ne7 13. Nb3 b6 14. f4 Bc6 15. Rae1 Ba8 16. Nd2 b5 17. g4 b4 18. g5 Ne4 19. Nxe4 dxe4 20. Bxe4 Bxe4 21. Qxe4 bxc3 22. bxc3 Nf5 23. Rb1 Rxb1 24. Rxb1 Qa3 25. Qc2 Ne3 26. Qb3 Qd6 27. Qb7 Nd5 28. Qd7 Qa6 29. Rb2 Qa3 30. Rc2 Ne3 31. Re2 Qc1+ 32. Kf2 Nd1+ 33. Kg2 Qxf4 34. Nc4 Nxc3 35. Re5 Ne4 36. Qc6 Qf2+ 37. Kh3 Qf3+ 38. Kh4 Qf2+ 39. Kh3 Qf1+ 40. Kh4 Nxg5 41. Rxg5 Qf4+ 0-1

[Event "Politiken Cup 32nd"]
[Site "Copenhagen"]
[Date "2010.08.01"]
[Round "2"]
[White "Meier, Lars"]
[Black "Christiansen, Jens Jorgen"]
[Result "1/2-1/2"]
[WhiteElo "1934"]
[BlackElo "2156"]
[PlyCount "101"]
[EventDate "2010.07.31"]
[EventType "swiss"]
[EventRounds "10"]
[EventCountry "DEN"]
[SourceTitle "CBM 137 Extra"]
[Source "ChessBase"]
[SourceDate "2010.09.01"]
[SourceVersion "1"]
[SourceVersionDate "2010.09.01"]
[SourceQuality "1"]

1. d4 d5 2. c4 c6 3. Nc3 Nf6 4. Nf3 dxc4 5. e3 b5 6. a4 b4 7. Na2 a5 8. Bxc4 e6 9. 0-0 Nbd7 10. Re1 Ba6 11. Bxa6 Rxa6 12. e4 Be7 13. h3 0-0 14. Bf4 Qa8 15. Qe2 c5 16. Nc1 cxd4 17. Nxd4 Nc5 18. Nb5 Rc6 19. f3 Rd8 20. Be3 Qb8 21. Nd4 Rcc8 22. Ncb3 Nxb3 23. Nxb3 Qe5 24. Red1 Bd6 25. g4 Qg3+ 26. Qg2 Nxe4 27. Qxg3 Nxg3 28. Rd2 h5 29. Rad1 Bc7 30. Kf2 h4 31. Bg5 Bb6+ 32. Kg2 f6 33. Bf4 Ne2 34. Rxd8+ Rxd8 35. Rxd8+ Bxd8 36. Be3 e5 37. Kf2 Ng3 38. Nc5 Kf7 39. Nd7 Ke7 40. Nb6 Kd6 41. b3 Kc6 42. Nc4 Bc7 43. Ke1 g6 44. Kf2 e4 45. Bd4 Bd8 46. Bb2 Kd5 47. Ne3+ Kc5 48. Nc4 Kd5 49. Ne3+ Ke6 50. Nc4 Kd5 51. Ne3+ 1/2-1/2

[Event "Politiken Cup 31st"]
[Site "Helsingor"]
[Date "2009.07.22"]
[Round "6"]
[White "Haubro, Sigfred"]
[Black "Meier, Lars"]
[Result "1/2-1/2"]
[WhiteElo "2144"]
[BlackElo "1888"]
[PlyCount "89"]
[EventDate "2009.07.18"]
[EventType "swiss"]
[EventRounds "10"]
[EventCountry "DEN"]
[SourceTitle "CBM 131 Extra"]
[Source "ChessBase"]
[SourceDate "2009.09.03"]
[SourceVersion "2"]
[SourceVersionDate "2009.09.16"]
[SourceQuality "1"]

1. e4 c6 2. d4 d5 3. exd5 cxd5 4. Bd3 Nc6 5. c3 Nf6 6. h3 g6 7. Nf3 Bg7 8. 0-0 0-0 9. Bg5 Qd6 10. Re1 Nd7 11. Nbd2 Re8 12. Bc2 e5 13. dxe5 Ndxe5 14. Nxe5 Rxe5 15. Nf3 Rxe1+ 16. Qxe1 Be6 17. Rd1 Qc7 18. Bb3 h6 19. Be3 Rd8 20. Nd4 Bc8 21. Qd2 Kh7 22. Nb5 Qa5 23. Qe2 a6 24. Nd4 Ne5 25. Nf3 Nc4 26. Bd4 Qc7 27. Bxg7 Kxg7 28. Nd4 b5 29. Re1 Qf4 30. Bd1 Qf6 31. b3 Nd6 32. Qd3 Nf5 33. Bf3 Nh4 34. Bg4 Nf5 35. Bxf5 Bxf5 36. Nxf5+ Qxf5 37. Qxf5 gxf5 38. Re7 Rc8 39. Ra7 Rxc3 40. Rxa6 Rc1+ 41. Kh2 Rc2 42. Kg3 f6 43. Rb6 Rxa2 44. Rxb5 Rb2 45. Rxd5 1/2-1/2

[Event "Politiken Cup 31st"]
[Site "Helsingor"]
[Date "2009.07.19"]
[Round "3"]
[White "Thorfinnsson, Bragi"]
[Black "Meier, Lars"]
[Result "1-0"]
[WhiteElo "2377"]
[BlackElo "1888"]
[PlyCount "37"]
[EventDate "2009.07.18"]
[EventType "swiss"]
[EventRounds "10"]
[EventCountry "DEN"]
[SourceTitle "CBM 131 Extra"]
[Source "ChessBase"]
[SourceDate "2009.09.03"]
[SourceVersion "2"]
[SourceVersionDate "2009.09.16"]
[SourceQuality "1"]

1. e4 d5 2. exd5 Nf6 3. Bb5+ Bd7 4. Be2 Nxd5 5. d4 g6 6. Nf3 Bg7 7. 0-0 0-0 8. c4 Nf6 9. Nc3 Qc8 10. h3 c5 11. d5 e6 12. Bg5 exd5 13. cxd5 Re8 14. Rc1 Qc7 15. Qd2 Qb6 16. Rfd1 Na6 17. Bc4 Qa5 18. Bxf6 Bxf6 19. Ne4 1-0

[Event "GER-ch Net final U18"]
[Site "Playchess.com INT"]
[Date "2009.06.21"]
[Round "7"]
[White "Meier, Lars"]
[Black "Reichel, Jonathan"]
[Result "1-0"]
[WhiteElo "1865"]
[BlackElo "1955"]
[PlyCount "133"]
[EventDate "2009.06.21"]
[EventType "swiss (blitz)"]
[EventRounds "9"]
[EventCountry "GER"]
[SourceTitle "CBM 130 Extra"]
[Source "ChessBase"]
[SourceDate "2009.07.02"]
[SourceVersion "2"]
[SourceVersionDate "2009.07.15"]
[SourceQuality "1"]

1. e4 c5 2. c3 Nf6 3. e5 Nd5 4. d4 cxd4 5. cxd4 Qa5+ 6. Bd2 Qb6 7. Bc3 Nxc3 8. bxc3 e6 9. Nd2 Be7 10. Ngf3 0-0 11. Bd3 Nc6 12. 0-0 d6 13. Qc2 h6 14. exd6 Bxd6 15. Nc4 Qc7 16. Nxd6 Qxd6 17. Rab1 b6 18. Rfe1 Bb7 19. Ne5 Nxe5 20. Rxe5 Rac8 21. Rbe1 Qc6 22. Be4 Qc7 23. Bxb7 Qxb7 24. c4 Rfd8 25. Qc3 Qc6 26. c5 Qa4 27. a3 Qxd4 28. Qxd4 Rxd4 29. cxb6 axb6 30. Rb5 Ra4 31. Rxb6 Rxa3 32. h3 Ra2 33. Re3 Rcc2 34. Rf3 Rc1+ 35. Kh2 Rcc2 36. Rb7 f6 37. Rg3 Rxf2 38. Rbxg7+ Kf8 39. Rh7 f5 40. Rxh6 Ke7 41. Rg7+ Kd6 42. Rgg6 Rae2 43. h4 f4 44. Kh3 Re3+ 45. Kh2 Ree2 46. Kg1 Ra2 47. Rxe6+ Kc5 48. Rhg6 f3 49. gxf3 Rxf3 50. Rg5+ Kd4 51. Rg2 Ra1+ 52. Kh2 Rf4 53. Rh6 Ke3 54. Rg3+ Kf2 55. Rg2+ Kf3 56. Rg3+ Kf2 57. Rb3 Raa4 58. Kh3 Rae4 59. Rb2+ Ke1 60. Kg3 Rg4+ 61. Kh3 Rgf4 62. Rg2 Rf3+ 63. Rg3 Rf1 64. h5 Rh1+ 65. Kg2 Rf1 66. Ra6 Rf2+ 67. Kh3 1-0

[Event "GER-ch Net final U18"]
[Site "Playchess.com INT"]
[Date "2009.06.21"]
[Round "1"]
[White "Meier, Lars"]
[Black "Zeldin, Leonid"]
[Result "1-0"]
[WhiteElo "1865"]
[BlackElo "2104"]
[PlyCount "131"]
[EventDate "2009.06.21"]
[EventType "swiss (blitz)"]
[EventRounds "9"]
[EventCountry "GER"]
[SourceTitle "CBM 130 Extra"]
[Source "ChessBase"]
[SourceDate "2009.07.02"]
[SourceVersion "2"]
[SourceVersionDate "2009.07.15"]
[SourceQuality "1"]

1. e4 c5 2. c3 Nf6 3. e5 Nd5 4. d4 d6 5. exd6 exd6 6. dxc5 dxc5 7. Bc4 Be6 8. Nf3 Be7 9. 0-0 0-0 10. Nbd2 Nc6 11. Ne4 Qd7 12. Bg5 Rad8 13. Bxe7 Qxe7 14. Qe1 Rfe8 15. Ng3 Nf4 16. Bxe6 Qxe6 17. Qxe6 Rxe6 18. Rfe1 Rxe1+ 19. Rxe1 Kf8 20. h3 Rd3 21. Re4 Rd1+ 22. Kh2 Nd3 23. Re2 f6 24. Nf5 Rb1 25. Nd6 Nce5 26. Nxe5 fxe5 27. Rd2 Nxb2 28. Nxb7 Na4 29. Rd7 Rb2 30. Rc7 Rxf2 31. Nxc5 Nxc5 32. Rxc5 e4 33. Re5 Re2 34. a4 Kf7 35. Kg3 Kf6 36. Re8 Re3+ 37. Kh2 Re1 38. c4 Kf5 39. Kg3 Re3+ 40. Kh2 Rc3 41. Rf8+ Ke5 42. Rf7 Kd4 43. Rxg7 e3 44. Kg3 Kd3 45. Kf3 Kd2 46. Re7 a5 47. c5 h5 48. g4 hxg4+ 49. hxg4 Rxc5 50. Rxe3 Rc8 51. Re5 Rf8+ 52. Ke4 Rg8 53. g5 Kc3 54. Rxa5 Kb4 55. Re5 Kxa4 56. Kf5 Kb4 57. Kf6 Rf8+ 58. Kg7 Rf1 59. g6 Kc4 60. Kh7 Kd4 61. Re2 Rh1+ 62. Kg8 Kd5 63. g7 Rf1 64. Rh2 Ke6 65. Kh8 Rf7 66. g8Q 1-0

[Event "GER-ch Net final U18"]
[Site "Playchess.com INT"]
[Date "2009.06.21"]
[Round "2"]
[White "Poetsch, Hagen"]
[Black "Meier, Lars"]
[Result "0-1"]
[WhiteElo "2281"]
[BlackElo "1865"]
[PlyCount "50"]
[EventDate "2009.06.21"]
[EventType "swiss (blitz)"]
[EventRounds "9"]
[EventCountry "GER"]
[SourceTitle "CBM 130 Extra"]
[Source "ChessBase"]
[SourceDate "2009.07.02"]
[SourceVersion "2"]
[SourceVersionDate "2009.07.15"]
[SourceQuality "1"]

1. Nf3 d5 2. d4 e6 3. c4 f5 4. Nc3 Nf6 5. Bg5 Be7 6. e3 0-0 7. Bd3 c6 8. 0-0 Ne4 9. Bxe7 Qxe7 10. Ne5 Nd7 11. Nxd7 Bxd7 12. f3 Nxc3 13. bxc3 b6 14. Qb3 Be8 15. e4 fxe4 16. fxe4 Bg6 17. cxd5 cxd5 18. Qc2 Qg5 19. Kh1 Qe3 20. Rfe1 Qf2 21. Qe2 Qxe2 22. Rxe2 Rac8 23. Rc1 Rxc3 24. Bc2 Bxe4 25. Kg1 Rfc8 0-1

[Event "GER-ch Net final U18"]
[Site "Playchess.com INT"]
[Date "2009.06.21"]
[Round "6"]
[White "Zhou, Syang"]
[Black "Meier, Lars"]
[Result "1-0"]
[WhiteElo "2090"]
[BlackElo "1865"]
[PlyCount "51"]
[EventDate "2009.06.21"]
[EventType "swiss (blitz)"]
[EventRounds "9"]
[EventCountry "GER"]
[SourceTitle "CBM 130 Extra"]
[Source "ChessBase"]
[SourceDate "2009.07.02"]
[SourceVersion "2"]
[SourceVersionDate "2009.07.15"]
[SourceQuality "1"]

1. e4 d5 2. exd5 Nf6 3. Nc3 Nxd5 4. Nge2 Nc6 5. Nxd5 Qxd5 6. Nc3 Qe5+ 7. Be2 Bf5 8. 0-0 0-0-0 9. d3 e6 10. Re1 Bd6 11. g3 Qf6 12. Nb5 h5 13. Nxd6+ Rxd6 14. Bf3 Nd4 15. Bg2 h4 16. c3 hxg3 17. hxg3 Nc6 18. Bf4 Rxd3 19. Qa4 e5 20. Be3 e4 21. Bxe4 Bxe4 22. Qxe4 Rhd8 23. Qg4+ R8d7 24. Bg5 Qd6 25. Re8+ Nd8 26. Rxd8# 1-0

[Event "GER-ch Net qual1 U18"]
[Site "Playchess.com INT"]
[Date "2009.05.10"]
[Round "5"]
[White "Meier, Lars"]
[Black "Hoefelsauer, Thomas"]
[Result "1/2-1/2"]
[WhiteElo "1865"]
[BlackElo "2144"]
[PlyCount "49"]
[EventDate "2009.05.10"]
[EventType "swiss (blitz)"]
[EventRounds "7"]
[EventCountry "GER"]
[SourceTitle "CBM 130 Extra"]
[Source "ChessBase"]
[SourceDate "2009.07.02"]
[SourceVersion "2"]
[SourceVersionDate "2009.07.15"]
[SourceQuality "1"]

1. e4 c6 2. d4 d5 3. e5 c5 4. c3 Nc6 5. Nf3 Bg4 6. Be2 e6 7. 0-0 cxd4 8. cxd4 Bxf3 9. Bxf3 Qb6 10. Nc3 Nxd4 11. Be3 Nxf3+ 12. Qxf3 Qa6 13. Rac1 Bb4 14. Rfd1 Ne7 15. Ne2 0-0 16. Rd4 Qa5 17. Rg4 Bd2 18. Rc5 Qb6 19. Bxd2 Qxc5 20. Rxg7+ Kxg7 21. Qf6+ Kg8 22. Bh6 Nf5 23. Qg5+ Kh8 24. Qf6+ Kg8 25. Qg5+ 1/2-1/2

[Event "GER-ch Net qual1 U18"]
[Site "Playchess.com INT"]
[Date "2009.05.10"]
[Round "4"]
[White "Poetsch, Hagen"]
[Black "Meier, Lars"]
[Result "1/2-1/2"]
[WhiteElo "2281"]
[BlackElo "1865"]
[PlyCount "156"]
[EventDate "2009.05.10"]
[EventType "swiss (blitz)"]
[EventRounds "7"]
[EventCountry "GER"]
[SourceTitle "CBM 130 Extra"]
[Source "ChessBase"]
[SourceDate "2009.07.02"]
[SourceVersion "2"]
[SourceVersionDate "2009.07.15"]
[SourceQuality "1"]

1. d4 f5 2. Qd3 e6 3. g4 d5 4. gxf5 exf5 5. Bf4 Nf6 6. Nf3 c6 7. Nbd2 Be7 8. Rg1 g6 9. Ne5 Nbd7 10. c4 Nxe5 11. Bxe5 Rf8 12. 0-0-0 Be6 13. Qb3 Qb6 14. c5 Qxb3 15. Nxb3 Ng4 16. f4 Bh4 17. Bd6 Rf7 18. h3 Nf2 19. Rd2 Ne4 20. Rc2 Nxd6 21. cxd6 0-0-0 22. e3 Bf2 23. Rxf2 Rxd6 24. Nc5 Re7 25. Nxe6 Rdxe6 26. Rg3 Rxe3 27. Rxe3 Rxe3 28. Kd2 Re4 29. Kd3 Kd7 30. Bg2 Re1 31. Rf1 Re7 32. Rc1 Kd6 33. Bf3 Re8 34. Rg1 Re6 35. h4 h5 36. b4 Ke7 37. Rc1 a6 38. a4 Kf6 39. b5 axb5 40. axb5 Ke7 41. Ra1 Kd6 42. b6 Re7 43. Ra8 Rg7 44. Rc8 Ke6 45. Kc3 Re7 46. Rc7 Rxc7 47. bxc7 Kd7 48. Kb4 Kxc7 49. Be2 b6 50. Bd3 Kd6 51. Ba6 Kc7 52. Bd3 Kd6 53. Kc3 Kc7 54. Bc2 Kd6 55. Bb3 Kc7 56. Kd3 Kd6 57. Ba4 Kc7 58. Kc3 Kd6 59. Kb4 Kc7 60. Bd1 Kd6 61. Bf3 Kc7 62. Ka4 Kd6 63. Kb3 Kc7 64. Kc3 Kd6 65. Kd2 Kc7 66. Ke3 Kd6 67. Be2 Kc7 68. Bf1 Kd6 69. Kd2 Kc7 70. Kc3 Kd6 71. Kb4 Kc7 72. Ba6 Kb8 73. Ka4 Kc7 74. Kb4 Kb8 75. Kc3 Kc7 76. Be2 Kd6 77. Kc2 Kc7 78. Kb3 Kd6 1/2-1/2

[Event "Politiken Cup 30th"]
[Site "Helsingor"]
[Date "2008.07.27"]
[Round "10"]
[White "Meier, Lars"]
[Black "Sondergaard, Thomas"]
[Result "1/2-1/2"]
[WhiteElo "1844"]
[BlackElo "1998"]
[PlyCount "66"]
[EventDate "2008.07.19"]
[EventType "swiss"]
[EventRounds "10"]
[EventCountry "DEN"]
[SourceTitle "CBM 125 Extra"]
[Source "ChessBase"]
[SourceDate "2008.09.01"]
[SourceVersion "1"]
[SourceVersionDate "2008.09.01"]
[SourceQuality "1"]

1. e4 c5 2. c3 d5 3. exd5 Qxd5 4. d4 Nf6 5. Nf3 Bg4 6. Be2 e6 7. 0-0 Nc6 8. Be3 cxd4 9. cxd4 Be7 10. Nc3 Qa5 11. Qb3 Qb4 12. Qxb4 Bxb4 13. h3 Bh5 14. Rac1 0-0 15. a3 Bd6 16. Rfd1 Rfd8 17. b4 Rac8 18. g4 Bg6 19. Nh4 Ne7 20. Nxg6 hxg6 21. Bg5 Bb8 22. Bf3 Rd7 23. Bxf6 gxf6 24. Ne4 Rxc1 25. Nxf6+ Kg7 26. Nxd7 Rxd1+ 27. Bxd1 Bf4 28. Bf3 b6 29. Ne5 Bc1 30. a4 Bb2 31. b5 Bxd4 32. Nc6 Nxc6 33. bxc6 Be5 1/2-1/2

[Event "Politiken Cup 30th"]
[Site "Helsingor"]
[Date "2008.07.26"]
[Round "9"]
[White "Jensen, Soren Holm"]
[Black "Meier, Lars"]
[Result "1-0"]
[WhiteElo "2032"]
[BlackElo "1844"]
[PlyCount "37"]
[EventDate "2008.07.19"]
[EventType "swiss"]
[EventRounds "10"]
[EventCountry "DEN"]
[SourceTitle "CBM 125 Extra"]
[Source "ChessBase"]
[SourceDate "2008.09.01"]
[SourceVersion "1"]
[SourceVersionDate "2008.09.01"]
[SourceQuality "1"]

1. e4 d5 2. exd5 Nf6 3. Nf3 Nxd5 4. d4 Bg4 5. Be2 e6 6. h3 Bf5 7. 0-0 Be7 8. b3 c5 9. c4 Nb6 10. Bb2 Bf6 11. Ne5 Bxe5 12. dxe5 Qxd1 13. Bxd1 Bg6 14. Bf3 Nc6 15. Nc3 Nxe5 16. Bxb7 Rb8 17. Ne4 0-0 18. Bxe5 Rxb7 19. Nxc5 1-0

[Event "Politiken Cup 30th"]
[Site "Helsingor"]
[Date "2008.07.20"]
[Round "2"]
[White "Meier, Lars"]
[Black "Plukkel, Sjoerd"]
[Result "0-1"]
[WhiteElo "1844"]
[BlackElo "2215"]
[PlyCount "120"]
[EventDate "2008.07.19"]
[EventType "swiss"]
[EventRounds "10"]
[EventCountry "DEN"]
[SourceTitle "CBM 125 Extra"]
[Source "ChessBase"]
[SourceDate "2008.09.01"]
[SourceVersion "1"]
[SourceVersionDate "2008.09.01"]
[SourceQuality "1"]

1. e4 d6 2. d4 Nf6 3. Nc3 Nbd7 4. f4 e5 5. fxe5 dxe5 6. dxe5 Nxe5 7. Qxd8+ Kxd8 8. Bf4 Bd6 9. 0-0-0 Bd7 10. Nh3 a6 11. Ng5 Nd3+ 12. Kb1 Nxf4 13. Nxf7+ Ke7 14. Nxh8 Rxh8 15. g3 Ng6 16. Nd5+ Nxd5 17. exd5 Bg4 18. Re1+ Kd8 19. Bg2 Rf8 20. Rhf1 Rxf1 21. Rxf1 Ne5 22. b3 g6 23. h3 Bd7 24. g4 Ke7 25. Be4 Nf7 26. a4 Ng5 27. Bg2 Bg3 28. c4 b6 29. Kc2 h5 30. gxh5 gxh5 31. h4 Nh7 32. Bf3 Nf6 33. Rg1 Bf2 34. Rf1 Bg3 35. Rg1 Bf4 36. Rg2 Ng4 37. Kd3 Kf6 38. Be4 Bd6 39. Ke2 Ke5 40. Bg6 Nf6 41. Kd3 Bg4 42. Rf2 Bb4 43. Rf1 Nd7 44. Rf7 Kd6 45. Rg7 Be1 46. Be8 Bxh4 47. b4 Bf6 48. Rg8 h4 49. Ke4 h3 50. Rg6 Bh5 51. Rh6 Bxe8 52. Rxh3 a5 53. bxa5 bxa5 54. Kf5 Kc5 55. Rb3 Kxc4 56. Rb7 Be5 57. Rb5 Nb6 58. Rxa5 Bd6 59. Ke6 Bxa4 60. Ra7 Bd7+ 0-1

[Event "Hessen-ch Gr-C 62nd"]
[Site "Hanau"]
[Date "2008.03.20"]
[Round "2"]
[White "Meier, Lars"]
[Black "Gutacker, Stephan"]
[Result "1/2-1/2"]
[WhiteElo "1864"]
[BlackElo "1985"]
[PlyCount "81"]
[EventDate "2008.03.19"]
[EventType "swiss"]
[EventRounds "7"]
[EventCountry "GER"]
[SourceTitle "CBM 123 Extra"]
[Source "ChessBase"]
[SourceDate "2008.05.06"]
[SourceVersion "1"]
[SourceVersionDate "2008.05.06"]
[SourceQuality "1"]

1. e4 e5 2. Nf3 Nc6 3. Bb5 a6 4. Bxc6 dxc6 5. d4 exd4 6. Qxd4 Qxd4 7. Nxd4 c5 8. Ne2 Bd7 9. Nbc3 Ne7 10. Be3 Ng6 11. 0-0-0 0-0-0 12. Nf4 Bd6 13. Nfd5 Bc6 14. f4 f6 15. g3 Rhe8 16. Bf2 b5 17. Rhe1 Kb7 18. Re3 Bd7 19. Nb1 Bg4 20. Rh1 c6 21. Ndc3 Nf8 22. Nd2 Nd7 23. h3 Bh5 24. f5 Ne5 25. Ne2 Bf7 26. b3 c4 27. bxc4 Bc5 28. cxb5 axb5 29. Nb3 Bxe3+ 30. Bxe3 Bxb3 31. axb3 Nf7 32. Nc3 Nd6 33. Rd1 Kc7 34. Bf4 Rd7 35. Ne2 Rxe4 36. Nd4 Rxd4 37. Rxd4 c5 38. Bxd6+ Rxd6 39. Rg4 Rd7 40. Re4 Kc6 41. Re6+ 1/2-1/2